Statystyki dla Państwa o podobnej powierzchni do Polski

Kliknij tutaj aby rozwiązać quiz!

Ogólne statystyki

  • Ten quiz został rozwiązany 72 razy
  • Średni wynik to 9 z 20

Statystyki odpowiedzi

Różnica powierzchni (km²)Państwo% Poprawnych
-44 236Niemcy
81%
+11 356Włochy
78%
+69 086 (48 545)Wielka Brytania
66%
-11 106 (73 995)Norwegia
63%
-25 448Finlandia
59%
+3 196Oman
56%
-65 219Japonia
47%
+74 305Rumunia
44%
+29 426Ekwador
41%
-18 514Wietnam
36%
+14 526Filipiny
34%
-9 767Wybrzeże Kości Słoniowej
34%
-17 151Malezja
32%
+74 163Ghana
31%
-29 304Kongo
31%
+44 986 (43 508)Nowa Zelandia
31%
+71 658Uganda
31%
+45 029Gabon
29%
+38 496Burkina Faso
27%
+66 839Gwinea
27%

Rozkład punktacji

Percentyl według liczby udzielonych odpowiedzi

Procent ludzi z każdym wynikiem

Twoja historia wyników

Nie rozwiązałeś tego quizu